000 00330nam a2200133Ia 4500
008 240624s9999 xx 000 0 und d
041 _aeng
082 _a174.4 SHE
100 _aSHER GEORGE
245 _aETHICS ESSENTIAL READINGS IN MORAL THEOR
260 _c2012
_aNew York
_bRoutledge
300 _a826 : p.
365 _cGBP
_b28
999 _c20614
_d20614